000
00321nam a22001217a 4500
008
160428b xxu||||| |||| 00| 0 eng d
020
_a
9780805356229
020
_a
0805356223
041
_a
eng
080
_a
618.2
245
_a
Maternal newborn nursing care:
_c
Patricia Wieland Ladewig; Marcia L. London;
942
_2
udc
_c
BK
999
_c
1657
_d
1657